[Event "Scandinavian Skadin Auio"]
[Site "SchemingMind.com"]
[Date "2006.11.03"]
[Round "-"]
[White "egis"]
[Black "Gambiteer"]
[Result "0-1"]
[WhiteCountry "LTU"]
[BlackCountry "ENG"]
[WhiteElo "1997"]
[WhiteRD "79"]
[BlackElo "2172"]
[BlackRD "69"]
[GameID "74333"]

1. e4 d5 2. exd5 Nf6 3. Bb5+ Bd7 4. Bc4 Bg4 5. Nf3 Nxd5 6. O-O Nc6 7. b3 Ne5 8. Qe2 Nxf3+ 9. gxf3 Bh3 10. Re1 Qd6
11. Qe4 O-O-O 12. Nc3 Qf6 13. Bf1 Bf5 14. Qa4 a6 15. Ba3 Bxc2 16. Rac1 Nxc3 17. dxc3 e6 18. Bxf8 Rhxf8 19. Qb4 Rfe8 20. c4 Rd4
21. Bg2 Bg6 22. Qc3 Red8 23. c5 Bd3 24. a4 Kb8 25. c6 b6 26. a5 b5 27. Qb2 Qg5 28. Qc3 b4 29. Qc5 Qxc5 30. Rxc5 Bb5
31. Rcc1 R8d6 32. Bf1 Bxc6 33. Bxa6 Bxf3 34. Be2 Bd5 35. Rb1 Rc6 36. Rb2 e5 37. Kf1 Rh6 38. Bc4 Bf3 39. Be2 e4 40. Bxf3 exf3
41. Re3 Rd1+ 42. Re1 Rxh2 43. Kg1 Rxe1+ 44. Kxh2 Re2 45. Rb1 Rxf2+ 46. Kg3 Ra2 47. Kxf3 Rxa5 48. Re1 Ra3 49. Re3 h5 50. Ke4 Ra5
51. Kd3 g5 52. Re4 f5 53. Rxb4+ Kc8 54. Rc4 h4 55. Rc6 Ra3 56. Kc3 h3 57. Rh6 g4 58. Kb2 Ra8 59. Rh4 Kb7 60. Rh5 Rg8
61. Rh4 g3 62. Rb4+ Ka6 63. Kc3 g2 64. Ra4+ Kb7 65. Rb4+ Kc8 66. Ra4 Rg3+ 67. Kb2 g1=Q 68. Ra8+ Kd7 69. Rg8 Qf2+ 70. Ka3 Qc5+
71. Kb2 Qc3+
0-1